|
|
|
|
| LEADER |
01414nam a2200373Ia 4500 |
| 001 |
EBC1134953 |
| 003 |
MiAaPQ |
| 005 |
20200520144314.0 |
| 006 |
m o d | |
| 007 |
cr cn||||||||| |
| 008 |
080131s2007 gh a sb 000 0 eng d |
| 010 |
|
|
|z 2008349025
|
| 020 |
|
|
|z 9789988647612
|
| 035 |
|
|
|a (MiAaPQ)EBC1134953
|
| 035 |
|
|
|a (Au-PeEL)EBL1134953
|
| 035 |
|
|
|a (CaPaEBR)ebr10448522
|
| 035 |
|
|
|a (OCoLC)845251423
|
| 040 |
|
|
|a MiAaPQ
|c MiAaPQ
|d MiAaPQ
|
| 050 |
|
4 |
|a HB3666.8.A3
|b P673 2007
|
| 245 |
0 |
0 |
|a Population, health and development in Ghana
|h [electronic resource] :
|b attaining the millenium [sic] development goals /
|c edited by Chuks J. Mba and Stephen O. Kwankye.
|
| 260 |
|
|
|a Accra :
|b Sub-Saharan Publishers,
|c 2007.
|
| 300 |
|
|
|a xvi, 190 p. :
|b ill.
|
| 504 |
|
|
|a Includes bibliographical references.
|
| 533 |
|
|
|a Electronic reproduction. Ann Arbor, MI : ProQuest, 2015. Available via World Wide Web. Access may be limited to ProQuest affiliated libraries.
|
| 650 |
|
0 |
|a Public health
|z Ghana.
|
| 650 |
|
0 |
|a AIDS (Disease)
|z Ghana.
|
| 650 |
|
0 |
|a Health surveys
|z Ghana.
|
| 651 |
|
0 |
|a Ghana
|x Population.
|
| 651 |
|
0 |
|a Ghana
|x Economic conditions
|y 1979-
|
| 655 |
|
4 |
|a Electronic books.
|
| 700 |
1 |
|
|a Mba, Chuks J.
|
| 700 |
1 |
|
|a Kwankye, Stephen O.
|
| 710 |
2 |
|
|a ProQuest (Firm)
|
| 856 |
4 |
0 |
|u https://ebookcentral.proquest.com/lib/matrademy/detail.action?docID=1134953
|z Click to View
|